MARC

LEADER 00000nam0a2200000 4500
001 58532
005 20231101211734.0
010 |a 5229004940 
035 |a (RuTPU)RU\TPU\book\61815 
090 |a 58532 
100 |a 20031202d1991 k y0rusy50 ca 
101 0 |a rus 
102 |a RU 
105 |a a z 001zy 
200 1 |a Порошковое материаловедение  |f Р. А. Андриевский 
210 |a Москва  |c Металлургия  |d 1991 
215 |a 207 с.  |c ил. 
320 |a Библиогр.: с. 195-204. 
606 1 |a Порошковое материаловедение  |2 stltpush  |3 (RuTPU)RU\TPU\subj\50864  |9 69494 
610 1 |a металлические порошки 
610 1 |a спеченные материалы 
610 1 |a дисперсные материалы 
610 1 |a консолидация 
610 1 |a пористые материалы 
610 1 |a спекание 
610 1 |a горячее прессование 
610 1 |a порошковая металлургия 
610 1 |a триботехнические материалы 
610 1 |a конструкционные материалы 
675 |a 621.762  |v 3 
700 1 |a Андриевский  |b Р. А.  |g Ростислав Александрович 
801 1 |a RU  |b 63413507  |c 20031202  |g PSBO 
801 2 |a RU  |b 63413507  |c 20201014  |g PSBO 
900 |a Технологии получения специальных гетерофазных и гетерогенных материалов 
942 |c BK